Epistola ad pisones

Gespeichert in:
Bibliographische Detailangaben
1. Verfasser: Flacci, R. Horati
Format: Buch
Sprache:Undetermined
Veröffentlicht: Madrid, España Compañía Bibliográfica Española 1959
Schlagworte:
Tags: Tag hinzufügen
Keine Tags, Fügen Sie den ersten Tag hinzu!

MARC

LEADER 00000nam a2200000Ia 4500
008 170316s9999 xx 000 0 und d
040 |a cru BVZT 
090 |a 870 F-1e 
100 |a Flacci, R. Horati 
245 |a Epistola ad pisones 
260 |a Madrid, España 
260 |b Compañía Bibliográfica Española 
260 |c 1959 
300 |a 31 páginas 
650 |a LITERATURA LATINA 
999 |c 11754  |d 11754 
942 |c 15 D  |h 870 F-1e  |2 z